[Event "Salsomaggiore Terme op"]
[Site "Salsomaggiore Terme"]
[Date "2005.06.22"]
[Round "5"]
[White "Nelli, Luca"]
[Black "Tamburini, Lorenzo"]
[Result "1-0"]
[WhiteElo "2215"]
[BlackElo "2075"]
[PlyCount "87"]
[EventDate "2005.06.04"]
[EventType "swiss"]
[EventRounds "6"]
[EventCountry "ITA"]
[SourceTitle "EXT 2006"]
[Source "ChessBase"]
[SourceDate "2005.11.24"]
[SourceVersion "1"]
[SourceVersionDate "2005.11.24"]
[SourceQuality "1"]

1. d4 Nf6 2. f4 e6 3. Nf3 c5 4. e3 b6 5. Bd3 Ba6 6. 0-0 Be7 7. c3 cxd4 8. exd4 0-0 9. f5 Qc8 10. fxe6 fxe6 11. Bg5 Nc6 12. Qe2 Bxd3 13. Qxd3 Nd5 14. Nbd2 Qd8 15. Ne4 Rf5 16. Bxe7 Qxe7 17. g3 Raf8 18. Nh4 Rxf1+ 19. Rxf1 Rxf1+ 20. Qxf1 Qf8 21. Qd3 Nf6 22. Nf3 Ne7 23. Ne5 Ned5 24. a3 Nxe4 25. Qxe4 Nf6 26. Qb7 d6 27. Nd7 Qd8 28. Nxf6+ gxf6 29. Qxa7 e5 30. Qb7 d5 31. Qc6 Kf7 32. Kf2 e4 33. Ke3 h5 34. c4 dxc4 35. Qxc4+ Kg6 36. Qc6 Qg8 37. Qxe4+ Kh6 38. d5 Qf8 39. Qd4 Qe7+ 40. Kd2 Kg7 41. d6 Qd7 42. Qxb6 Qf5 43. Qc7+ Kg6 44. d7 1-0

[Event "Salsomaggiore Terme op"]
[Site "Salsomaggiore Terme"]
[Date "2005.06.22"]
[Round "6"]
[White "Tamburini, Lorenzo"]
[Black "Giannetta, Paolo"]
[Result "1/2-1/2"]
[WhiteElo "2075"]
[BlackElo "2045"]
[PlyCount "51"]
[EventDate "2005.06.04"]
[EventType "swiss"]
[EventRounds "6"]
[EventCountry "ITA"]
[SourceTitle "EXT 2006"]
[Source "ChessBase"]
[SourceDate "2005.11.24"]
[SourceVersion "1"]
[SourceVersionDate "2005.11.24"]
[SourceQuality "1"]

1. e4 d5 2. exd5 Qxd5 3. Nc3 Qa5 4. d4 c6 5. Bc4 Nf6 6. Nge2 Bg4 7. 0-0 e6 8. Bf4 Nbd7 9. a3 b5 10. Bd3 Be7 11. f3 Bh5 12. Bg3 0-0 13. Nf4 Bg6 14. Nxg6 hxg6 15. h3 Nh5 16. Bh2 Qb6 17. Be2 e5 18. Re1 Bh4 19. Rf1 exd4 20. Kh1 dxc3 21. Qxd7 cxb2 22. Rab1 Ng3+ 23. Bxg3 Bxg3 24. Rxb2 Rad8 25. Qg4 Be5 26. Rb3 1/2-1/2

[Event "Salsomaggiore Terme op"]
[Site "Salsomaggiore Terme"]
[Date "2005.06.20"]
[Round "2"]
[White "Tamburini, Lorenzo"]
[Black "Scalcione, Michelangelo"]
[Result "0-1"]
[WhiteElo "2075"]
[BlackElo "2242"]
[PlyCount "88"]
[EventDate "2005.06.04"]
[EventType "swiss"]
[EventRounds "6"]
[EventCountry "ITA"]
[SourceTitle "EXT 2006"]
[Source "ChessBase"]
[SourceDate "2005.11.24"]
[SourceVersion "1"]
[SourceVersionDate "2005.11.24"]
[SourceQuality "1"]

1. e4 g6 2. d4 Bg7 3. Nf3 d6 4. Bd3 Bg4 5. c3 e5 6. d5 Ne7 7. Nbd2 0-0 8. h3 Bc8 9. 0-0 Nd7 10. Nb3 f5 11. c4 Nf6 12. Nbd2 h6 13. Re1 f4 14. b4 g5 15. c5 Ng6 16. Bb2 Ne8 17. Rc1 h5 18. Nh2 g4 19. cxd6 cxd6 20. hxg4 hxg4 21. Nxg4 Qg5 22. Be2 Nh4 23. Nf1 Bxg4 24. Bxg4 f3 25. Be6+ Kh8 26. Ng3 Nxg2 27. Rc3 Nxe1 28. Qxe1 Bh6 29. Qd1 Ng7 30. Rxf3 Qd2 31. Qxd2 Bxd2 32. Rd3 Bxb4 33. Nf5 Nxf5 34. Bxf5 Rg8+ 35. Kf1 Kg7 36. Rb3 a5 37. a3 Bc5 38. Rxb7+ Kf6 39. a4 Rab8 40. Rxb8 Rxb8 41. Bc3 Bb4 42. Be1 Bxe1 43. Kxe1 Rb4 44. Bd7 Rxe4+ 0-1

[Event "Genova Nervi op 12th"]
[Site "Genova"]
[Date "2005.02.13"]
[Round "6"]
[White "Brun, Dario"]
[Black "Tamburini, Lorenzo"]
[Result "1/2-1/2"]
[WhiteElo "1853"]
[BlackElo "2086"]
[PlyCount "74"]
[EventDate "2005.02.05"]
[EventType "swiss"]
[EventRounds "6"]
[EventCountry "ITA"]
[SourceTitle "EXT 2007"]
[Source "ChessBase"]
[SourceDate "2006.11.23"]
[SourceVersion "1"]
[SourceVersionDate "2006.11.23"]
[SourceQuality "1"]

1. d4 Nf6 2. c4 e6 3. Nf3 b6 4. g3 Ba6 5. Qa4 Bb7 6. Bg2 c5 7. dxc5 Bxc5 8. 0-0 0-0 9. Nc3 Be7 10. Bf4 Nh5 11. Be3 Na6 12. Ne5 Bxg2 13. Kxg2 Nb8 14. Rfd1 d6 15. Nb5 Qe8 16. Nf3 Qc6 17. Qb3 Nd7 18. Nbd4 Qb7 19. Nb5 Nc5 20. Bxc5 dxc5 21. Nd6 Qc6 22. Qb5 Qc7 23. Ne4 Rfd8 24. Qb3 Qc6 25. Qe3 Nf6 26. Nc3 Kf8 27. Kg1 h6 28. Ne5 Qb7 29. f3 Nd7 30. Rxd7 Rxd7 31. Qf4 Bf6 32. Nxd7+ Qxd7 33. Rd1 Qe7 34. Kf1 Rd8 35. Rxd8+ Qxd8 36. Qc1 Qd7 37. Qd1 Ke7 1/2-1/2

[Event "Salsomaggiore Terme op 8th"]
[Site "Salsomaggiore Terme"]
[Date "2004.??.??"]
[Round "3"]
[White "Giannetta, Paolo"]
[Black "Tamburini, Lorenzo"]
[Result "1/2-1/2"]
[WhiteElo "1805"]
[BlackElo "2080"]
[PlyCount "49"]
[EventDate "2004.05.??"]
[EventType "swiss"]
[EventRounds "6"]
[EventCountry "ITA"]
[SourceTitle "EXT 2007"]
[Source "ChessBase"]
[SourceDate "2006.11.23"]
[SourceVersion "1"]
[SourceVersionDate "2006.11.23"]
[SourceQuality "1"]

1. d4 Nf6 2. c4 e6 3. g3 d5 4. Bg2 dxc4 5. Nf3 a6 6. 0-0 Nc6 7. Bg5 Be7 8. a4 Rb8 9. Na3 b5 10. axb5 axb5 11. Nxb5 Rxb5 12. Qa4 Rb4 13. Qxc6+ Bd7 14. Qa8 Rxb2 15. Qxd8+ Bxd8 16. Ne5 h6 17. Bxf6 gxf6 18. Nxd7 Kxd7 19. e3 c3 20. Ra3 c2 21. Rc3 Be7 22. Rc1 Rhb8 23. R3xc2 Rxc2 24. Rxc2 Rb1+ 25. Bf1 1/2-1/2

[Event "Salsomaggiore Terme op 8th"]
[Site "Salsomaggiore Terme"]
[Date "2004.??.??"]
[Round "4"]
[White "Tamburini, Lorenzo"]
[Black "Molteni, Costantino"]
[Result "1/2-1/2"]
[WhiteElo "2080"]
[BlackElo "1850"]
[PlyCount "109"]
[EventDate "2004.05.??"]
[EventType "swiss"]
[EventRounds "6"]
[EventCountry "ITA"]
[SourceTitle "EXT 2007"]
[Source "ChessBase"]
[SourceDate "2006.11.23"]
[SourceVersion "1"]
[SourceVersionDate "2006.11.23"]
[SourceQuality "1"]

1. e4 Nf6 2. e5 Nd5 3. d4 d6 4. Nf3 dxe5 5. Nxe5 c6 6. g3 Nd7 7. Bg2 Nxe5 8. dxe5 Bf5 9. c3 e6 10. 0-0 Qc7 11. Qe2 Be7 12. Nd2 0-0 13. Nf3 a5 14. Bg5 Bg4 15. Bxe7 Nxe7 16. h3 Bxf3 17. Bxf3 Ng6 18. Rfe1 Rad8 19. h4 Rd7 20. h5 Ne7 21. Rad1 Rfd8 22. Rxd7 Rxd7 23. Qc2 Qd8 24. Rd1 Rxd1+ 25. Qxd1 Qxd1+ 26. Bxd1 h6 27. Kg2 Kf8 28. Kf3 Nd5 29. Ke4 Ke7 30. g4 Kd7 31. f4 b6 32. c4 Nc7 33. f5 Ke7 34. Kf4 c5 35. Bf3 f6 36. Bc6 fxe5+ 37. Kxe5 exf5 38. gxf5 Na6 39. a3 Nc7 40. Ba4 Na6 41. Kd5 Nb8 42. Bc2 Kd7 43. Ba4+ Ke7 44. Bb5 Nd7 45. Kc6 Nf6 46. Kxb6 Nxh5 47. Kxc5 Ng3 48. Kd5 h5 49. Ke5 h4 50. Kf4 Kf6 51. Kg4 Nxf5 52. c5 Nd4 53. Bf1 g5 54. b4 axb4 55. axb4 1/2-1/2

[Event "Crema op 05th"]
[Site "Crema"]
[Date "2003.09.07"]
[Round "6"]
[White "Tamburini, Lorenzo"]
[Black "Pancioni, Marco"]
[Result "1-0"]
[WhiteElo "1783"]
[BlackElo "1597"]
[PlyCount "65"]
[EventDate "2003.09.05"]
[EventType "swiss"]
[EventRounds "6"]
[EventCountry "ITA"]
[SourceTitle "EXT 2007"]
[Source "ChessBase"]
[SourceDate "2006.11.23"]
[SourceVersion "1"]
[SourceVersionDate "2006.11.23"]
[SourceQuality "1"]

1. e4 e6 2. Nf3 d5 3. Nc3 Nf6 4. e5 Nfd7 5. d4 c5 6. Bb5 Nc6 7. 0-0 cxd4 8. Bxc6 dxc3 9. Bxd7+ Bxd7 10. bxc3 Be7 11. Rb1 b6 12. Qd3 h6 13. Nd4 0-0 14. Qg3 Kh8 15. Qh3 Qc8 16. Bd2 f6 17. f4 fxe5 18. fxe5 Rxf1+ 19. Rxf1 Qg8 20. Bxh6 gxh6 21. Qxh6+ Qh7 22. Qxh7+ Kxh7 23. Rf7+ Kg6 24. Rxe7 Rd8 25. h3 Kg5 26. g3 a6 27. Kg2 b5 28. h4+ Kg6 29. Kh3 a5 30. g4 Rc8 31. Ne2 Rc4 32. Kg3 Re4 33. Nf4+ 1-0

[Event "San Martino di Castrozza op 3rd"]
[Site "San Martino di Castrozza"]
[Date "2002.07.07"]
[Round "7"]
[White "Andreoli, Mark"]
[Black "Tamburini, Lorenzo"]
[Result "0-1"]
[WhiteElo "2065"]
[BlackElo "1768"]
[PlyCount "92"]
[EventDate "2002.07.01"]
[EventType "swiss"]
[EventRounds "7"]
[EventCountry "ITA"]
[SourceTitle "EXT 2007"]
[Source "ChessBase"]
[SourceDate "2006.11.23"]
[SourceVersion "1"]
[SourceVersionDate "2006.11.23"]
[SourceQuality "1"]

1. e4 e5 2. d4 exd4 3. c3 Qe7 4. cxd4 Qxe4+ 5. Be3 Bb4+ 6. Nc3 Nf6 7. Qd2 Bxc3 8. bxc3 0-0 9. Nf3 d6 10. Bd3 Qg4 11. 0-0 Bf5 12. h3 Qh5 13. Be2 Ne4 14. Qb2 Bc8 15. Ng5 Qg6 16. Bd3 f5 17. f4 h6 18. Nf3 Nd7 19. d5 Ndf6 20. c4 Qg3 21. Rae1 Re8 22. Bc1 Bd7 23. Bxe4 fxe4 24. Nd4 Qd3 25. Ne6 Qxc4 26. f5 Qxd5 27. Bxh6 Bxe6 28. fxe6 Rxe6 29. Be3 c5 30. Rd1 Qc6 31. Qf2 Rf8 32. Qf5 Qe8 33. g4 b6 34. g5 Nd7 35. Qd5 Rxf1+ 36. Rxf1 Kh8 37. Rf4 Qg6 38. h4 Qe8 39. Qf5 d5 40. Qxd5 Ne5 41. Qxe4 Ng6 42. Qf3 Rxe3 43. Qh5+ Kg8 44. Rf1 Rg3+ 45. Kh2 Rh3+ 46. Kg2 Nf4+ 0-1

[Event "San Martino di Castrozza op 3rd"]
[Site "San Martino di Castrozza"]
[Date "2002.07.06"]
[Round "6"]
[White "Tamburini, Lorenzo"]
[Black "Pinotti, Claudio"]
[Result "1-0"]
[WhiteElo "1768"]
[BlackElo "2073"]
[PlyCount "54"]
[EventDate "2002.07.01"]
[EventType "swiss"]
[EventRounds "7"]
[EventCountry "ITA"]
[SourceTitle "EXT 2007"]
[Source "ChessBase"]
[SourceDate "2006.11.23"]
[SourceVersion "1"]
[SourceVersionDate "2006.11.23"]
[SourceQuality "1"]

1. e4 d6 2. d4 Nf6 3. f3 c6 4. c4 e5 5. Be3 Be7 6. Qd2 a6 7. a4 0-0 8. Nc3 exd4 9. Bxd4 Nbd7 10. Bd3 Re8 11. Nge2 Ne5 12. 0-0 Be6 13. b3 Nxd3 14. Qxd3 Qc7 15. f4 d5 16. cxd5 cxd5 17. e5 Nd7 18. Rac1 Qa5 19. f5 Nc5 20. Qf3 Bd7 21. Nxd5 Nxb3 22. Nxe7+ Rxe7 23. Qxb3 Bxa4 24. Qa3 Ree8 25. Nc3 Rad8 26. Rf4 Rxd4 27. Rxd4 Qxe5 1-0

[Event "San Martino di Castrozza op 3rd"]
[Site "San Martino di Castrozza"]
[Date "2002.07.01"]
[Round "1"]
[White "Agnelli, Francesco"]
[Black "Tamburini, Lorenzo"]
[Result "0-1"]
[WhiteElo "2146"]
[BlackElo "1768"]
[PlyCount "66"]
[EventDate "2002.07.01"]
[EventType "swiss"]
[EventRounds "7"]
[EventCountry "ITA"]
[SourceTitle "EXT 2007"]
[Source "ChessBase"]
[SourceDate "2006.11.23"]
[SourceVersion "1"]
[SourceVersionDate "2006.11.23"]
[SourceQuality "1"]

1. e4 e5 2. Nf3 Nf6 3. Nxe5 d6 4. Nf3 Nxe4 5. d4 d5 6. Bd3 Nc6 7. 0-0 Bg4 8. Re1 Be7 9. c4 Nf6 10. Be3 0-0 11. Nc3 Nb4 12. Be2 dxc4 13. Bxc4 Bxf3 14. gxf3 Nfd5 15. Kh1 Nxc3 16. bxc3 Nd5 17. Rg1 c6 18. Qd3 Qd7 19. Rg2 Rfe8 20. Rag1 Bf6 21. Rxg7+ Bxg7 22. Bh6 Re1 23. Rxe1 Bxh6 24. Qe4 Kh8 25. Bd3 f6 26. Qh4 Bg5 27. Qg3 Nf4 28. Bc4 Re8 29. Rg1 Qh3 30. a4 a5 31. Bf7 Re7 32. Qxh3 Nxh3 33. Rg3 Re1+ 0-1